000 01006nam a2200325 a 4500
003 AR-BaBNM
005 20251128205353.0
008 082120s2002 ||||||||||||||000 | spa||
020 _a84-7774-104-2
040 _cAR-BaBNM
100 1 _aVitale, Bruno
245 0 0 _aLa integración de la informática en el aula
_bconsideraciones generales para un enfoque transdiciplinar
260 _aMadrid
_bVisor
_c1994
300 _a96 p.
_bdiagr.
490 0 _aAprendizaje
_vv. 104
504 _aBibliografía: p. 93-96
650 4 _aINFORMATICA
650 4 _aCOMPUTADORAS
650 4 _aLENGUAJES DE COMPUTACION
650 4 _aPROGRAMACION [INFORMATICA]
650 4 _aENSEÑANZA POR COMPUTADORA
650 4 _aACTIVIDADES DE APRENDIZAJE
650 4 _aDESARROLLO DE LA CREATIVIDAD
700 1 _aBallarín Castán, Ana
_etraductor
700 1 _aArlegui de Pablos, Javier
_etraductor
800 1 _aAlvarez, Amelia
_edirector
800 1 _aDel Río, Pablo
_edirector
942 _cBK
998 _csilvi
999 _c11130
_d11130